Responses for show #7528 - Wednesday, May 10, 2017

2017 Teachers Tournament quarterfinal game 3.

Contestants

Cody Vest, a high school English teacher from Fayetteville, Arkansas

Stephanie Mitchell, an 8th grade language arts teacher from Effingham, Illinois

David Clemmons, an 11th grade U.S. history teacher from Fort Worth, Texas

Jeopardy! Round responses

LITERARY INSTRUCTION
SAVING UP
THE PREZ SEZ
HIT THE GYM
TYPES OF STREETS
TV DINNERS
    $200 2
Pygmalion

Cody
    $200 26
bonds

Cody
    $200 1
Nixon

Stephanie
    $200 16
the bench

Stephanie
    $200 7
the lane

David
    $200 21
The Walking Dead

Cody
    $400 3
Hagrid

Cody
    $400 27
a mattress

David
    $400 8
Truman

David
    $400 17
squats

Stephanie
    $400 11
avenue

Stephanie
    $400 22
Sheldon Cooper

David
    $600 4
Jane Eyre

Cody
    $600 28
for college

David
    $600 9
(Alex: One of the Points.)

Wilson

David
    $600 18
(Stephanie: What is a rotation?)

circuit training

Stephanie
Triple Stumper
    $600 12
way

David
    $600 23
Blue Bloods

Triple Stumper
    $800 5
Merlin

Stephanie
    $800 29
a rainy day fund

Stephanie
    $800 10
Clinton

Stephanie
    $800 19
a trampoline

Triple Stumper
    $800 14
(Stephanie: What is boulevard?)

drive

DavidStephanie
    $800 24
All in the Family

David
    $1,000 6
Anna (Leonowens)

Stephanie
    $1000 30
(David: What are dividends?)

a credit union

DavidStephanie
    $1000 13
William Henry Harrison

David
    $1000 20
(Cody: What is the quadricep?)

gluteus maximus

Cody
Triple Stumper
    $1000 15
parkway

Stephanie
    $1000 25
Archer

Cody

Scores at the first commercial break (after clue 15):

David Stephanie Cody
$3,600 $3,400 $1,200

Scores at the end of the Jeopardy! Round:

David Stephanie Cody
$4,800 $5,200 $1,600

Double Jeopardy! Round responses

ARCHIPELAGO-GO
SIGNS & SYMBOLS
COMPOSERS
RHYMES WITH DUCK
GENERAL SCIENCE
FRIENDS OF DOROTHY
    $400 15
the East Indies

Stephanie
    $400 6
a triangle

David
    $400 1
(Edvard) Grieg

David
    $400 17
beginner's luck

Cody
    $400 26
the pH scale

Cody
    $400 8
Bing Crosby

David
    $800 22
the Yangtze

Stephanie
    $800 7
the pound

Cody
    $800 2
(Cody: Who is... Liszt?)

Wagner

Cody
Triple Stumper
    $800 18
chuck

Triple Stumper
    $800 27
drag

Stephanie
    $800 9
The Golden Girls

Cody
    $1200 23
Finland

David
    $1200 13
the owl

Cody
    $2,000 3
the "Blue Danube Waltz"

David
    $1200 19
a truck

Cody
    $1200 28
radon

David
    $1200 10
Dorothy Parker

Cody
    $1600 24
(David: What are the Canary Islands?)

the Azores

David
Triple Stumper
    $2,000 14
(Cody: What is a hammer?)

a Swiss Army knife

Cody
    $1600 4
Tchaikovsky

David
    $1600 20
bang for your buck

Stephanie
    $1600 29
bleach

Triple Stumper
    $1600 11
Dorothy Hamill

Cody
    $2000 25
Micronesia

Triple Stumper
    $2000 16
a crescendo

Stephanie
    $2000 5
(Stephanie: Who is Mozart?)
...
(Alex: There was a movie with that title made.)

Beethoven

Stephanie
Triple Stumper
    $2000 21
pluck

Cody
    $2000 30
the monocytes

Triple Stumper
    $2000 12
Dorothy Dandridge

Cody

Scores at the end of the Double Jeopardy! Round:

David Stephanie Cody
$10,400 $8,800 $10,400

Final Jeopardy! Round responses

20th CENTURY BOOKS
StephanieWhat is Seabiscuit?
$4,000
CodyWhat is Equus?
$3,600
DavidWhat is the War Horse?
$400
War Horse

Final scores:

David Stephanie Cody
$10,800 $4,800 $6,800
Automatic semifinalist 3rd place: $5,000 if eliminated 2nd place: $5,000 if eliminated

Game dynamics:

Coryat scores:

David Stephanie Cody
$9,600 $8,800 $12,400
17 R
(including 1 DD),
2 W
15 R
(including 1 DD),
3 W
16 R,
3 W
(including 1 DD)

Combined Coryat: $30,800

The J! Archive is created by fans, for fans. The Jeopardy! game show and all elements thereof, including but not limited to copyright and trademark thereto, are the property of Jeopardy Productions, Inc. and are protected under law. This website is not affiliated with, sponsored by, or operated by Jeopardy Productions, Inc. Join the discussion at JBoard.tv.